Za klasztorną furtą : (Rekord nr 27865)
| 000 -Nagłówek | |
|---|---|
| fixed length control field | 02105cam a2200481 i 4500 |
| 001 - Nr kontrolny bibl., która utworzyła rek. | |
| control field | xx004952987 |
| 003 - Siglum bibl., której nr kontr. jest w 001 | |
| control field | NUKAT |
| 005 - Data i czas ostatniej operacji | |
| control field | 20260429122510.0 |
| 008 - Elementy pola stałej długości | |
| fixed length control field | 200923s2020 pl a |001 0 pol c |
| 020 ## - ISBN | |
| ISBN | 9788380989771 |
| dopowiedzenie | (oprawa twarda) : |
| warunki dostępności | zł 50,00 |
| 035 ## - Systemowy numer kontrolny | |
| systemowy numer kontrolny | (OCoLC)1241630292 |
| 035 ## - Systemowy numer kontrolny | |
| systemowy numer kontrolny | (NUKAT)xx004952987 |
| 040 ## - Instytucja sporządzająca opis | |
| Instytucja, która sporządziła opis | KAT U/JP |
| język katalgowania-trzyzn. kod | pol |
| zasady opisu | rda |
| Instytucja, która sporządziła rekord | KAT U/JPs |
| Instytucja, która zmodyfikowała rekord | KAT U/JP |
| -- | KR 253/MD |
| -- | OLSZT 008/bak |
| 045 2# - Okres czasu dla zawartości | |
| czas między r. 9999 pne a nasz. czas. | d1945 |
| -- | d1956 |
| 046 ## - Kod rodz. daty, data1, data2 (daty pne) | |
| Begin/single date | 2020 |
| 100 1# - Hasło główne-nazwa osobowa | |
| Nazwa osobowa | Noszczak, Bartłomiej |
| Daty biograficzne | (1976- ). |
| rodzaj współpracy | Autor |
| 9 (RLIN) | 17512 |
| 245 10 - Tytuł właściwy i oznaczenie odpow. | |
| tytuł | Za klasztorną furtą : |
| dodatek do tytułu | migawki z życia i działalności jezuitów w Warszawie (1945-1956) / |
| dod. inf. ze s. tyt./ozn. odpow. | Bartłomiej Noszczak ; Instytut Pamięci Narodowej. Komisja Ścigania Zbrodni przeciwko Narodowi Polskiemu. Oddział w Warszawie. |
| 260 ## - Adres wydawniczy | |
| miejsce wydania, dystrybucji itp. | Warszawa : |
| nazwa wydawcy, dystrybutora itp. | Instytut Pamięci Narodowej - Komisja Ścigania Zbrodni przeciwko Narodowi Polskiemu, |
| data wydania, dystrybucji itp. | 2020. |
| 300 ## - Opis fizyczny | |
| objętość i/lub forma materiału | 511, [1] strona, [40] ston tablic : |
| inne szczegóły opisu fizycznego | ilustracje ; |
| format | 25 cm. |
| 336 ## - Content Type | |
| Term | Tekst |
| Code | txt |
| Source | rdacontent |
| 337 ## - Media Type | |
| Term | Bez urządzenia pośredniczącego |
| Code | n |
| Source | rdamedia |
| 338 ## - Carrier Type | |
| Term | Wolumin |
| Code | nc |
| Source | rdacarrier |
| 380 ## - Form of work | |
| Form of work | Książki |
| 380 ## - Form of work | |
| Form of work | Publikacje naukowe |
| 388 1# - TIME PERIOD OF CREATION | |
| Time period of creation term | 2001- |
| 490 1# - Tytuł serii i ks. wielotom.-nie do wysz. | |
| oznaczenie serii | Warszawa Nie?Pokonana ; |
| numer woluminu | t. 23 |
| 504 ## - Uwaga o bibliografii | |
| uwaga o bibliografii | Bibliografia na stronach 485-496. Indeks. |
| 610 27 - Hasło przedmiotowe-nazwa ciała zbior. | |
| nazwa ciała zbior. lub geogr. | Jezuici |
| źródło hasła | DBN |
| 9 (RLIN) | 36098 |
| 610 27 - Hasło przedmiotowe-nazwa ciała zbior. | |
| nazwa ciała zbior. lub geogr. | Societas Jesu |
| określnik geograficzny | Polska |
| -- | Warszawa |
| określnik chronologiczny | 1945-1970. |
| źródło hasła | kaba |
| 9 (RLIN) | 40865 |
| 648 #7 - SUBJECT ADDED ENTRY--CHRONOLOGICAL TERM | |
| Chronological term | 1901-2000 |
| Source of heading or term | DBN |
| 9 (RLIN) | 34996 |
| 648 #7 - SUBJECT ADDED ENTRY--CHRONOLOGICAL TERM | |
| Chronological term | 1945-1989 |
| Source of heading or term | DBN |
| 9 (RLIN) | 36043 |
| 650 #7 - Hasło przedmiotowe-nazwa pospolita | |
| nazwa pospolita lub geogr. | PRL |
| źródło hasła | DBN |
| 9 (RLIN) | 35084 |
| 650 #7 - Hasło przedmiotowe-nazwa pospolita | |
| nazwa pospolita lub geogr. | Zakony męskie |
| źródło hasła | DBN |
| 9 (RLIN) | 40866 |
| 651 #7 - Hasło przedmiotowe-nazwa geogr. | |
| nazwa geograficzna | Warszawa (woj. mazowieckie) |
| źródło hasła | DBN |
| 9 (RLIN) | 37253 |
| 655 #7 - Termin określający rodzaj/formę | |
| rodzaj/forma | Opracowanie |
| źródło terminu | DBN |
| 9 (RLIN) | 35024 |
| 658 ## - Nazwa określająca cel programu nauczania | |
| główny cel programu nauczania | Historia |
| 658 ## - Nazwa określająca cel programu nauczania | |
| główny cel programu nauczania | Religia i duchowość |
| 710 2# - Hasło dodatkowe - nazwa ciała zbior. | |
| nazwa ciała zbior. lub nazwa geogr. | Instytut Pamięci Narodowej - Komisja Ścigania Zbrodni przeciwko Narodowi Polskiemu. |
| nazwa jednostki podrzędnej | Oddział (Warszawa). |
| rodzaj współpracy | Instytucja sprawcza |
| 9 (RLIN) | 13138 |
| 710 2# - Hasło dodatkowe - nazwa ciała zbior. | |
| nazwa ciała zbior. lub nazwa geogr. | Instytut Pamięci Narodowej - Komisja Ścigania Zbrodni przeciwko Narodowi Polskiemu. |
| rodzaj współpracy | Wydawca |
| kod rodzaju współpracy | pbl |
| 9 (RLIN) | 11792 |
| 830 #0 - Hasło dod. serii i op. ks. wielotom. -tyt | |
| tytuł | Warszawa Nie?Pokonana |
| oznaczenie tomu | t. 23 |
| 9 (RLIN) | 14501 |
| 920 ## - ISBN | |
| ISBN | 978-83-8098-977-1 (oprawa twarda) : zł 50,00 |
| 942 ## - ADDED ENTRY ELEMENTS (KOHA) | |
| Source of classification or shelving scheme | Dewey Decimal Classification |
| Koha item type | pozycje dostępne na miejscu |
| Status wycofania | Status zagubienia | Klasyfikacja | Status uszkodzenia | Blokada wypożyczeń | Kolekcja | Lokalizacja macierzysta | Lokalizacja bieżąca | Data nabycia | Numer akcesji | Źródło akcesji | Cena | Nr inwentarzowy | il. wypożyczeń | Sygnatura | Kod kreskowy | Date last seen | Price effective from | Typ egz. |
|---|---|---|---|---|---|---|---|---|---|---|---|---|---|---|---|---|---|---|
| Dewey Decimal Classification | nieuszkodzona | książka w magazynie | Biblioteka Instytutu Północnego w Olsztynie | Biblioteka Instytutu Północnego w Olsztynie | 30/11/2020 | D-36/2020 | dar | 50.00 | 59968 | 59968 | IPWK24072 | 29/04/2026 | 29/04/2026 | pozycje dostępne na miejscu |